Eco-renovation : (Record no. 18397)
[ view plain ]
| 000 -LEADER | |
|---|---|
| fixed length control field | 00469cam a22001694a 4500 |
| 020 ## - INTERNATIONAL STANDARD BOOK NUMBER | |
| ISBN | 1890132381 |
| 040 ## - CATALOGING SOURCE | |
| Transcribing agency | DLC |
| 082 00 - DEWEY DECIMAL CLASSIFICATION NUMBER | |
| Classification number | 643 CHE 1999 C143 Or. |
| 100 1# - MAIN ENTRY--AUTHOR NAME | |
| Personal name | Harland, Edward, |
| 245 10 - TITLE STATEMENT | |
| Title | Eco-renovation : |
| Remainder of title | the ecological home improvement guide / |
| 250 ## - EDITION STATEMENT | |
| Edition statement | Rev. ed. |
| 260 ## - PUBLICATION, DISTRIBUTION, ETC. (IMPRINT) | |
| Place of publication | White River Junction, Vt. : |
| Name of publisher | Chelsea Green Pub., |
| Year of publication | 1999. |
| 300 ## - PHYSICAL DESCRIPTION | |
| Number of Pages | xi, 242 p. : |
| Other physical details | ill. ; |
| Dimensions | 24 cm. |
| 650 #0 - SUBJECT ADDED ENTRY--TOPICAL TERM | |
| Topical Term | Dwellings |
| 650 #0 - SUBJECT ADDED ENTRY--TOPICAL TERM | |
| Topical Term | Green products. |
| 942 ## - ADDED ENTRY ELEMENTS (KOHA) | |
| Koha item type | ADB |
| 952 ## - LOCATION AND ITEM INFORMATION (KOHA) | |
| Withdrawn status [LOCAL, KOHA] | 0 |
| Source of acquisition | Permanent Location | Date acquired | Koha item type | Lost status | Shelving location | Current Location | Full call number |
|---|---|---|---|---|---|---|---|
| A39045 | Library Block C | 2019-11-18 | សៀវភៅភាសាអង់គ្លេស | C143 | Library Block C | 643 CHE 1999 C143 Or. |